000
00327nam a22001457a 4500
008
210309b ||||| |||| 00| 0 eng d
020
_a
9781848855335
041
_a
eng
080
_a
32
082
_a
32
100
_a
19
101
_a
SHP
245
_a
Britian's End of Empire in the Middle EAST
_c
Kyle, K
942
_2
udc
_c
BK
999
_c
56103
_d
56103